Catálogo
 En Linea

Molina prensa y libertad : (Registro nro. 58916)

Detalles MARC
000 -CABECERA
campo de control de longitud fija 01938nam a2200337 i 4500
003 - IDENTIFICADOR DEL NÚMERO DE CONTROL
campo de control DO-SdBNP
005 - FECHA Y HORA DE LA ÚLTIMA TRANSACCIÓN
campo de control 20250721111906.0
007 - CAMPO FIJO DE DESCRIPCIÓN FÍSICA--INFORMACIÓN GENERAL
campo de control de longitud fija ta
008 - DATOS DE LONGITUD FIJA--INFORMACIÓN GENERAL
campo de control de longitud fija 250502b2014 dr ao||| |||| 00| 0 spa d
020 ## - NÚMERO INTERNACIONAL ESTÁNDAR DEL LIBRO
Número Internacional Estándar del Libro 9789945081459
040 ## - FUENTE DE LA CATALOGACIÓN
Centro catalogador/agencia de origen DO-SdBNP
Lengua de catalogación spa
Centro/agencia transcriptor BNPHU
Normas de descripción rda
041 ## - CÓDIGO DE LENGUA
Código de lengua del texto/banda sonora o título independiente spa
082 #4 - NÚMERO DE LA CLASIFICACIÓN DECIMAL DEWEY
Número de clasificación 923.8
Número de documento/Ítem B219m, 2014
Número de edición 22
110 2# - ENTRADA PRINCIPAL--NOMBRE DE ENTIDAD CORPORATIVA
Nombre de entidad corporativa o nombre de jurisdicción como elemento de entrada Banco de Reservas de la República Dominicana
9 (RLIN) 6285
245 10 - MENCIÓN DE TÍTULO
Título Molina prensa y libertad :
Resto del título obra periodística de Rafael Molina Morillo 1948-2014 /
Mención de responsabilidad, etc. editor, José Rafael Sosa ; dibujos y caricaturas, Cristian Hernández ; fotografías, Jorge González y Pedro Sosa
246 1# - FORMA VARIANTE DE TÍTULO
Título propio/Titulo breve Molina prensa & libertad :
Resto del título obra periodística de Rafael Molina Morillo 1948-2014 /
264 #1 - PRODUCCIÓN, PUBLICACIÓN, DISTRIBUCIÓN, FABRICACIÓN Y COPYRIGHT
Producción, publicación, distribución, fabricación y copyright Santo Domingo :
Nombre del de productor, editor, distribuidor, fabricante BanReservas,
Fecha de producción, publicación, distribución, fabricación o copyright 2014.
300 ## - DESCRIPCIÓN FÍSICA
Extensión 217 páginas :
Otras características físicas ilustraciones, fotografías :
Dimensiones 25 cm.
336 ## - TIPO DE CONTENIDO
Término de tipo de contenido texto
Código de tipo de contenido txt
Fuente rdacontent
337 ## - TIPO DE MEDIO
Nombre/término del tipo de medio sin mediación
Código del tipo de medio n
Fuente rdamedia
338 ## - TIPO DE SOPORTE
Nombre/término del tipo de soporte volumen
Código del tipo de soporte nc
Fuente rdacarrier
500 ## - NOTA GENERAL
Nota general Incluye datos biografícos del autor en la solapa de la cubierta.
520 ## - SUMARIO, ETC.
Sumario, etc. Molina es caso excepcional del alumno que se hace maestro y crea otra escuela, basada en la formación inicial y orientada a un periodismo comprometido con las ideas de la democracia, el respeto a la constitucionalidad, la defensa de la libertad de expresión a nivel internacional y local, la convivencia pacífica y el apego real a las leyes y principios que norman toda sociedad mínimamente civilizada. Rafael Molina Morillo es fruto de la gran escuela de periodismo que constituyó el diario El Caribe, y que ha aportado tantos profesionales de la comunicación.
590 ## - NOTA LOCAL (RLIN)
Nota local Inventariado, 2025/ YL
700 1# - PUNTO DE ACCESO ADICIONAL--NOMBRE DE PERSONA
Nombre de persona Sosa, José Rafael,
Fechas asociadas al nombre 1950-
Término indicativo de función/relación editor
Código de función/relación ed.
9 (RLIN) 40541
700 1# - PUNTO DE ACCESO ADICIONAL--NOMBRE DE PERSONA
Nombre de persona Hernández, Cristian,
Término indicativo de función/relación dibujos y caricaturas
9 (RLIN) 24653
700 1# - PUNTO DE ACCESO ADICIONAL--NOMBRE DE PERSONA
Nombre de persona González, Jorge,
Término indicativo de función/relación fotografías
9 (RLIN) 87642
700 1# - PUNTO DE ACCESO ADICIONAL--NOMBRE DE PERSONA
Nombre de persona Sosa, Pedro,
Término indicativo de función/relación fotografías
9 (RLIN) 87643
910 ## - DATOS DE OPCIÓN DEL USUARIO (OCLC)
Datos de opción del usuario YLockward
942 ## - ELEMENTOS DE PUNTO DE ACCESO ADICIONAL (KOHA)
Fuente del sistema de clasificación o colocación Dewey Decimal Classification
Tipo de ítem Koha Libro
Existencias
Estado de retiro Estado de pérdida Fuente del sistema de clasificación o colocación Restricciones de uso No para préstamo Código de colección Localización permanente Ubicación/localización actual Ubicación en estantería Fecha de adquisición Fuente de adquisición Total de préstamos Signatura topográfica completa Código de barras Fecha visto por última vez Precio válido a partir de Tipo de ítem Koha Número de copia Nota pública
    Dewey Decimal Classification Excluido de préstamo   Patrimonio Dominicano Biblioteca Nacional Pedro Henríquez Ureña Biblioteca Nacional Pedro Henríquez Ureña En catalogación 18.07.2024 Donación   BNPHU PD 923.8 B219m, 2014 2025-3941 02.05.2025 02.05.2025 Libro    
    Dewey Decimal Classification Excluido de préstamo   Patrimonio Dominicano Biblioteca Nacional Pedro Henríquez Ureña Biblioteca Nacional Pedro Henríquez Ureña En catalogación 21.07.2025 Donación   BNPHU PD 923.8 B219m, 2014 2025-6824 21.07.2025 21.07.2025 Libro e.2 Perteneció a la biblioteca personal de Mónica Despradel.

Con tecnología Koha